| 000 | 00000nam 2200000za 4500 |
| 001 | 9.856642 |
| 003 | CaOODSP |
| 005 | 20221107155559 |
| 007 | cr ||||||||||| |
| 008 | 180515s2018 quca o f000 0 fre d |
| 040 | |aCaOODSP|bfre |
| 043 | |an-cn--- |
| 086 | 1 |aEn4-330/2018F-PDF |
| 245 | 00|aLoi sur les eaux navigables canadiennes |h[ressource électronique] : |brétablir les mesures de protection perdues et garder les eaux navigables du canada ouvertes à l’usage du public pour les années à venir. |
| 246 | 30|aRétablir les mesures de protection perdues et garder les eaux navigables du canada ouvertes à l’usage du public pour les années à venir |
| 260 | |a[Gatineau, QC] : |bGouvernement du Canada, |c[2018] |
| 300 | |a14 p. : |bill. en coul. |
| 500 | |aPubl. aussi en anglais sous le titre : The Canadian Navigable Waters Act: restoring lost protections and keeping Canada’s navigable waters open for public use for years to come. |
| 500 | |aTitre de la couv. |
| 500 | |aPubl. par : Environnement et changement climatique Canada. |
| 500 | |aPubl. aussi en format HTML. |
| 520 | |a« Le présent document décrit les principaux changements apportés à la législation sur la protection de la navigation et les prochaines étapes, en fonction des cinq thèmes suivants : la compréhension du rôle de Transport Canada dans le système d’évaluation environnementale du gouvernement ; la protection du droit public de navigation dans l’ensemble des eaux navigables canadiennes ; la création de meilleures possibilités d’ouverture, de transparence et de participation du public ; le partenariat avec les peuples autochtones ; l’adoption de processus transparents et opportuns et de mécanismes d’application de la loi améliorés » -- Objectif, p. 5. |
| 692 | 07|2gccst|aVoie navigable |
| 692 | 07|2gccst|aPolitique environnementale |
| 710 | 1 |aCanada. |bEnvironnement et changement climatique Canada. |
| 775 | 08|tThe Canadian Navigable Waters Act |w(CaOODSP)9.856640 |
| 856 | 40|qPDF|s1.25 Mo|uhttps://publications.gc.ca/collections/collection_2018/eccc/En4-330-2018-fra.pdf |
| 856 | 4 |qHTML|sS.O.|uhttps://www.canada.ca/fr/services/environnement/conservation/evaluation/examens-environnementaux/protection-navigation/guidebook.html |